| 000 | 00310nam a22001097a 4500 | ||
|---|---|---|---|
| 082 | _a355.02 KHA'I | ||
| 100 |
_aKHAN, MUHAMMAD AKBAR _979358 |
||
| 245 | _aTHE ISLAMIC PATTERN OF WAR PALNNING THEORY PALANNING AND TRAINING ILLUSTRATED | ||
| 250 | _aVOL-1&2 | ||
| 260 |
_aKARACHI _bISLAMIC MCA _c1969 |
||
| 942 | _cBK | ||
| 999 |
_c584401 _d584401 |
||